000 00567nam a22001697a 4500
005 20251108172253.0
008 250721s1986 xx 000 0 ara d
082 1 4 _aط/538/محم
100 1 _aعويضة، محمود أحمد
245 1 0 _aالمغناطيس /
264 1 _aعمان :
_bالجمعية العلمية الملكية :دار الفرقان،
_c1986.
300 _a50ص؛مص
490 0 _aمشروع كتب المطالعة العلمية للأطفال و الناشئة
650 1 7 _aالمغناطيس
942 _2ddc
_cBK
999 _c74742
_d74742